Southville International School and Colleges
Your cart is empty.
  • Cart
  • Lists
    Public lists Eva Luna New books Lux_list list_1
    Your lists Log in to create your own lists
  • Log in to your account
  • Your cookies
  • Search history
Southville International School and Colleges
  • Advanced search
  • Recent comments
  • Most popular
  • Libraries

Log in to your account

Log in with GOOGLE


If you do not have an external account, but do have a local account, you can still log in:

  1. Home
  2. MARC view: Ate na si Arra /
Normal view MARC view ISBD view

Ate na si Arra / (Record no. 6495)

[ view plain ]
MARC details
000 -LEADER
fixed length control field 00518nam a22001937a 4500
003 - CONTROL NUMBER IDENTIFIER
control field OSt
005 - DATE AND TIME OF LATEST TRANSACTION
control field 20140310181910.0
008 - FIXED-LENGTH DATA ELEMENTS--GENERAL INFORMATION
fixed length control field 130712t xxu||||| |||| 00| 0 eng d
020 ## - INTERNATIONAL STANDARD BOOK NUMBER
International Standard Book Number 9715113168
050 ## - LIBRARY OF CONGRESS CALL NUMBER
Classification number PZ 1
Item number .P123 1993
082 ## - DEWEY DECIMAL CLASSIFICATION NUMBER
Classification number FIL 808.899282
Item number P13 1993
100 ## - MAIN ENTRY--PERSONAL NAME
Personal name Padilla, Blessie C.
245 ## - TITLE STATEMENT
Title Ate na si Arra /
Statement of responsibility, etc Blessie C. Padilla.
260 ## - PUBLICATION, DISTRIBUTION, ETC. (IMPRINT)
Place of publication, distribution, etc Manila :
Name of publisher, distributor, etc Hiyas Children's Collection,
Date of publication, distribution, etc 1993.
300 ## - PHYSICAL DESCRIPTION
Extent 11 p. :
Dimensions 22 cm.
650 ## - SUBJECT ADDED ENTRY--TOPICAL TERM
Topical term or geographic name as entry element Short Stories
942 ## - ADDED ENTRY ELEMENTS (KOHA)
Source of classification or shelving scheme Library of Congress Classification
Koha item type Books
Holdings
Withdrawn status Lost status Source of classification or shelving scheme Damaged status Home library Current library Shelving location Date acquired Total Checkouts Full call number Barcode Date last seen Copy number Price effective from Koha item type
    Library of Congress Classification   Luxembourg Library Luxembourg Library Filipiniana Section 07/12/2013   PZ 1 .P123 1993 1866 08/13/2013 1 07/12/2013 Books

Ate na si Arra /

APA

Padilla B. C., . (1993). Ate na si Arra. Manila: Hiyas Children's Collection.

Chicago

Padilla Blessie C, . 1993. Ate na si Arra. Manila: Hiyas Children's Collection.

Harvard

Padilla B. C., . (1993). Ate na si Arra. Manila: Hiyas Children's Collection.

MLA

Padilla Blessie C, . Ate na si Arra. Manila: Hiyas Children's Collection. 1993.

  • Place hold
  • Print
  • Cite
  • Add to your cart (remove)
  • Save record
    BIBTEX Dublin Core MARCXML MARC (non-Unicode/MARC-8) MARC (Unicode/UTF-8) MARC (Unicode/UTF-8, Standard) MODS (XML) RIS
  • More searches
    Search for this title in:
    Other Libraries (WorldCat) Other Databases (Google Scholar) Online Stores (Bookfinder.com) Open Library (openlibrary.org)

Exporting to Dublin Core...

SOUTHVILLE LIBRARY

Southville International School and Colleges Library

1281 Tropical Ave. Cor. Luxembourg St., BF Homes International, Las Pinas City

Tel. No. 8256374 / 252358 Loc. 117/146

Powered by Koha